| 000 | 00561nam a2200205Ia 4500 | ||
|---|---|---|---|
| 005 | 20250508162113.0 | ||
| 008 | 008 250505s9999 xx 000 0 hin d | ||
| 037 | _aTextual | ||
| 040 |
_aFEDL _beng _cFEDL |
||
| 041 |
_ahin _2hin |
||
| 084 |
_a338, SAX _qFEDL |
||
| 100 |
_aSaxena Krishnshaya _9772309 |
||
| 245 | 0 | _aSarkar evam udhyog | |
| 260 |
_aAgra, India _bNavyug Sahitya Sadan _c1980 |
||
| 300 | _aviii,171p | ||
| 650 | _aEconomics | ||
| 700 |
_a Gupta Kanhdiya Lal _9772310 |
||
| 942 |
_cTEXL _h338, SAX |
||
| 999 |
_c1374395 _d1374395 |
||